Home and Away Characters Quiz Stats

 Plays Quiz not verified by Sporcle

Support Sporcle.
Go Orange.
Score 0/22 Timer 07:00
1 Play Today
% Correct
Marilyn Chambers
97.7%
Alf Stewart
96.4%
Leah Patterson Baker
95.9%
Irene Roberts
95.6%
John Palmer
95.4%
Colby Thorne
94.3%
Jasmine Delaney
94.3%
Robbo
94.1%
Bella Nixon
93.8%
Tori Morgan
93.6%
Justin Morgan
93.1%
% Correct
Dean Thompson
92.8%
Ben Astoni
92.8%
Ryder Jackson
92.8%
Brody Morgan
92.5%
Roo Stewart
92.5%
Mason Morgan
92%
Maggie Astoni
92%
Willow Harris
92%
Coco Astoni
91.5%
Ziggy Astoni
91.3%
Raffy Morrison
91%

You're not logged in!

Compare scores with friends on all Sporcle quizzes.
OR
Log In

From the Vault

Most Populous 'Q' Cities by Continent

by MrWhiplash

There's no need to wait in a queue before playing.
Remove Ads.
Support Sporcle.
Get the best of Sporcle when you Go Orange. This ad-free experience offers more features, more stats, and more fun while also helping to support Sporcle. Thank you for becoming a member.

Show Comments

Extras

Created Feb 18, 2020ReportNominate
Tags:Away, Character, home

Top Quizzes Today


Score Distribution

Your Account Isn't Verified!

In order to create a playlist on Sporcle, you need to verify the email address you used during registration. Go to your Sporcle Settings to finish the process.

Report this User

Report this user for behavior that violates our Community Guidelines.

Details: